000 02588nam a2200337 i 4500
001 768714001
003 CO-MdFUSB
005 20210415160422.0
007 ta
008 200701t2006 ck a|||| |||| 00| 0 spa d
020 _a9582007001
040 _aCO-MdFUSB
_bspa
_cCO-MdFUSB
_dCO-MdFUSBC
_erda
041 _aspa
082 _223
_a371.12
_bT356
100 _aTezanos, Araceli de ‎
_eautor
245 1 3 _aEl maestro y su formación
_b: tras las huellas y los imaginarios
_c/ Araceli de Tezanos
264 1 _aBogotá, Colombia :
_bCooperativa Editorial Magisterio,
_c[2006]
264 4 _c©2006
300 _c328 páginas ;
_a21 cm
336 _2rdacontent
_atexto
_btxt
337 _2rdamedia
_asin mediación
_bn
338 _2rdacarrier
_avolumen
_bnc
490 _aColección pedagogía e historia
505 _aPrólogo -- Alberto Echeverri Sánchez -- Introducción -- Arceli de Tezanos -- Primero parte: Fundamentos teóricos para un programa de formación docente -- Segunda parte -- Cartas pedagógicas -- Carta I -- Carta II -- Carta III -- Carta IV -- Carta V -- Carta VI -- Carta VII -- Carta VIII -- Carta IX
520 _aEstoy cada vez más convencida, y aún más que antes, después de trabajar todo este año con las camadas nuevas de estudiantes, de que el reto más profundo y exigente que tiene la formación de maestros res abrir cabezas, romper los candados que le pusieron en las neuronas y hacernos zambullir de un solo viaje en el conocimiento. Sin preguntarles mucho si quieren o no quieren. La democracia es solo posible con cuidados cultos, no con gente llena de consignas, cuyo origen y significado casi siempre desconocen. Le digo esto porque en este país todo el mundo se llena la boca con la palabra democracia, pero tengo la impresión de que muy pocos han pensado realmente en el sentido y las consecuencias de ella. Más aún, cuáles son los procesos que la constituyen, mejor dicho y para este caso particular, que la reconstituyen. Me parece que esta misiva se va transformando en un panfleto político... pero en estos días, por estos lados, es imposible estar ajena a los acontecimientos, que son muchos y complejos. Sin embargo, y a pesar de todo, los cambios van, con todas las dificultades que le he contado, pero seguimos en la pelea, con las lanzas en alto... quizás con el tiempo se van a dar cuenta, tanto los alumnos como los académicos, de lo que les pasó... Ahora me voy de vacaciones... ¡Salud! Araceli
563 _aRústico
650 0 _9984
_aEducación
653 _aPedagogía
942 _cBK
945 _aDani
999 _c66380
_d66380